| 000 -ლიდერი |
| ფიქსირებული სიგრძის საკონტროლო ველი |
00994nam a22001937a 4500 |
| 003 - საკონტროლო ნომრის იდენტიფიკატორი |
| საკონტროლო ველი |
Ge_BSU |
| 005 - ბოლო ოპერაციის თარიღი და დრო |
| საკონტროლო ველი |
20250930160856.0 |
| 008 - ფიქსირებული სიგრძის მონაცემთა ელემენტები - ზოგადი ინფორმაცია |
| ფიქსირებული სიგრძის საკონტროლო ველი |
250930s1974 ge ||||| |||| 00| 0 geo d |
| 041 ## - ენის კოდი |
| Language code of text/sound track or separate title |
geo |
| 080 ## - უნივერსალური ათობითი კლასიფიკაციის ინდექსი |
| Universal Decimal Classification number |
631.5/9(479.22) ხ-29 |
| 100 ## - მთავარი ჩანაწერი - პიროვნების სახელი |
| Personal name |
ხასია, ბ. |
| 9 (RLIN) |
25906 |
| 245 ## - ცნობა სათაურის შესახებ |
| Title |
სოციალისტური მიწათმოქმედების განვითარება საქართველოში. წ. 3 / |
| Statement of responsibility, etc |
ბ. ხასია; [რედ.: ა. ნუცუბიძე] ; საქ. სსრ მეცნ. აკად., ეკონომიკის ინ-ტი. |
| 264 ## - წარმოების, გამოცემის, დისტრიბუციის და სხვა ცნობები |
| გამოცემის, წარმოების, დისტრიბუციის... ადგილი |
თბილისი : |
| გამოცემის, წარმოების, დისტრიბუციის... სახელწოდება |
მეცნიერება, |
| გამოცემის, წარმოების, დისტრიბუციის... თარიღი |
1974. |
| 300 ## - ფიზიკური აღწერა |
| Extent |
405 გვ.; |
| Other physical details |
21 სმ. |
| 500 ## - ზოგადი შენიშვნა |
| General note |
საძიებელი: გვ. 391-405. |
| 653 ## - INDEX TERM--UNCONTROLLED |
| Uncontrolled term |
მიწათმოქმედება საქართველოში |
| 700 ## - ADDED ENTRY--PERSONAL NAME |
| Personal name |
ნუცუბიძე, ა. |
| Relator term |
რედაქტორი |
| 9 (RLIN) |
20876 |
| 942 ## - ADDED ENTRY ELEMENTS (KOHA) |
| Source of classification or shelving scheme |
|
| Koha item type |
წიგნი |